01370nam a2200385 a 4500003000900000005001700009008004100026020001800067040001300085245009800098250001200196260003500208300002600243490005600269504002600325650002600351650001800377650002500395650001700420650003600437653002700473653002900500653001600529700004800545700004200593700005100635700005200686700003600738700002900774700003300803700003300836700003600869700003400905800004500939AR-BaBNM20251128205133.0082120s2002 ||||||||||||||000 | spa|| a950-21-1239-3 cAR-BaBNM00aLa formación del docente en lengua, hoy [EGB]bintroducción a la lingüística aplicada a1ª ed. aBuenos AiresbPlus Ultrac1996 a184 p.bil., gráfs. 0aDidáctica del lenguaje y la comunicaciónvv. 20 aBibliografía p. 184 4aFORMACION DE DOCENTES 4aLINGÜISTICA 4aTEORIA LINGÜISTICA 4aCOMUNICACION 4aMEDIOS DE COMUNICACION DE MASAS aENSENANZA DE LA LENGUA aEDUCACION GENERAL BASICA aHISTORIETAS1 aManacorda de Rosetti, Mabel V.ecoordinador1 aBarrenechea, Ana Maríaecolaborador1 aAgudo de Córsico, María Celiaecolaborador1 aDe Gregorio de Mac, María Isabelecolaborador1 aAbourachit, Estherecolaborador1 aLevy, Hildaecolaborador1 aMaurer, Sara J.ecolaborador1 aVallejo, Silviaecolaborador1 aPalacios, Analíaecolaborador1 aRiera, Alicia B:ecolaborador1 aManacorda de Rosetti, Mabel V.edirector